| 000 | 00454nam a2200157 i 4500 | ||
|---|---|---|---|
| 001 | 70271 | ||
| 003 | ES-MaACL | ||
| 005 | 20230906170754.0 | ||
| 007 | t| | ||
| 008 | 040721s1970 sp ||||1| spa d | ||
| 100 | 1 |
_aGarcía Regueiro, Ovidio. _955169 |
|
| 245 | 1 | 0 |
_aCuba _b: raices y frutos de la revolución / _cOvidio García Regueiro. |
| 260 |
_aMadrid : _bI.E.P.A.L., _c[1970] |
||
| 300 |
_a371 p. ; _c21 cm. |
||
| 852 |
_aES-MaACL _jC-45065 _bR.74179 |
||
| 999 |
_c70271 _d70271 |
||